Normal view
MARC view
Entry Topical Term
001 - CONTROL NUMBER
- control field: 10673
003 - CONTROL NUMBER IDENTIFIER
- control field: ARRUPE
005 - DATE AND TIME OF LATEST TRANSACTION
- control field: 20140606122902.0
008 - FIXED-LENGTH DATA ELEMENTS
- fixed length control field: 140606|| aca||aabn | a|a d
040 ## - CATALOGING SOURCE
- Original cataloging agency: ARRUPE
- Transcribing agency: ARRUPE
150 ## - HEADING--TOPICAL TERM
- Topical term or geographic name as entry element: Curriculum
- General subdivision: Secondary School
670 ## - SOURCE DATA FOUND
- Source citation: Work cat.: (ARRUPE): Brown, Alan 10672, The Curriculum, 1997